Gaming Quiz

Random Gaming Quiz

Chess Endgame Situations Quiz Stats

Quiz not verified by Sporcle

Also try: Gaming Facts
Challenge
Share
Tweet
Embed
Score 0/6 Timer 01:00
0 Plays Today
Endgame Result- type Win or Draw % Correct
King and queen vs. king and rookWin
100%
King and queen vs. king and knightWin
100%
King and two knights vs. kingDraw
99.7%
King and two bishops vs. kingWin
99.7%
King and rook vs. king and knightDraw
99.7%
King and bishop and knight vs. kingWin
99.1%

You're not logged in!

Compare scores with friends on all Sporcle quizzes.
Sign Up with Email
OR
Log In

You Might Also Like...

Show Comments

Extras

Top Quizzes Today


Score Distribution

Your Account Isn't Verified!

In order to create a playlist on Sporcle, you need to verify the email address you used during registration. Go to your Sporcle Settings to finish the process.